| 000 | 00910cam a2200289 a 4500 | ||
|---|---|---|---|
| 008 | 201109s1991 fr b 001 0 fre d | ||
| 020 | _a9782264016140 | ||
| 040 |
_aEG-GiCUC _bfre _bEG-GiCUC |
||
| 043 | _aa-tu--- | ||
| 092 | 0 | 4 |
_a949.61 _bG277 _221 |
| 099 |
_a04 _a949.61 G277 |
||
| 100 | 1 |
_aGautier, Théophile, _d1811-1872. |
|
| 245 | 0 | 1 |
_aConstantinople / _cThéophile Gautier ; Preface de Gerard- Georges Lemaire . |
| 260 |
_aParis : _bChrisitain Bourgois , _c1991. |
||
| 300 |
_a415 p. ; _c19 cm. |
||
| 490 | 1 |
_a10/18 ; _v2225 |
|
| 504 | _aIncludes bibliographical references. | ||
| 651 | 0 |
_aIstanbul (Turkey) _xDescription and travel. |
|
| 651 | 0 |
_aTurkey _xHistory _y1878-1909 |
|
| 700 | 1 | _aLemaire, Gerard- Georges. | |
| 830 | 0 |
_a10/18 ; _v2225. |
|
| 902 | _a1 | ||
| 905 |
_aGhada _eCat |
||
| 905 |
_aJihan _eRev |
||
| 942 |
_2ddc _cBK |
||
| 999 |
_c157947 _d157947 |
||